| 000 | 01032nam a2200301 u 4500 | ||
|---|---|---|---|
| 001 | 000032848 | ||
| 003 | DO-SdBNP | ||
| 005 | 20240315132950.0 | ||
| 007 | 000032848 | ||
| 008 | 100813s2020 mx 000 0 spa d | ||
| 020 | _a9786071616302 | ||
| 040 |
_aBPMSU _bspa _cBPMSU |
||
| 082 | 4 |
_a320.098 _bC255g 2020 _222 |
|
| 100 | 1 |
_aCaputo, Dante. _d |
|
| 245 | 1 | 0 |
_aGobernando el futuro : _blatinoamericanos hacia 2020 / _cDante Caputo ; colaboración con Nicolás J. B. Caputo. |
| 260 |
_aMéxico D.F : _bInstituto Federal Electoral, _c2020 |
||
| 300 |
_a147 p. ; _c26 cm. |
||
| 490 | 0 | _aSección de obras de política y derecho | |
| 500 | _a | ||
| 504 | _aIncluye bibliografía y notas al pie de páginas | ||
| 590 | _aInventariado, 2024/VM | ||
| 650 | 4 |
_aDemocracia _zAmérica Latina |
|
| 650 | 4 |
_aPronóstico de la economía _zAmérica Latina |
|
| 651 | 4 |
_aAmérica Latina _xPolítica y gobierno |
|
| 710 | 2 | _aFondo de Cultura Económica (México) | |
| 910 | _aVMateo V. Control de calidad BPMSU | ||
| 942 |
_2ddc _cBK |
||
| 999 |
_c14599 _d14599 |
||